[Event "4.Griesheimer Schachtage 2008"]
[Site "Griesheim"]
[Date "2008.05.17"]
[Round "3"]
[White "Schröder, Oliver"]
[Black "Aberle, Harry"]
[Result "0-1"]
[WhiteElo "1743"]
[BlackElo "1909"]
[PlyCount "76"]

1. c4 f5 2. Nc3 Nf6 3. g3 g6 4. Bg2 Bg7 5. d3 O-O 6. e4 c5 7. Nge2 Nc6 8. O-O
d6 9. h3 Bd7 10. Be3 Rb8 11. Qd2 Ne5 12. f4 Nf7 13. Kh2 a6 14. Rab1 b5 15. Nd5
e6 16. Nxf6+ Qxf6 17. b3 b4 18. d4 cxd4 19. Bxd4 Qe7 20. Bxg7 Kxg7 21. exf5
gxf5 22. Nd4 Qf6 23. Bc6 Bc8 24. Bg2 a5 25. Nc6 Rb6 26. Qe3 Rb7 27. Nxa5 Rc7
28. Qb6 Rc5 29. Qxb4 e5 30. fxe5 Nxe5 31. Nb7 Bxb7 32. Qxb7+ Rf7 33. Qb6 Qh6
34. Kh1 Qe3 35. Kh2 f4 36. gxf4 Ng4+ 37. hxg4 Rh5+ 38. gxh5 Qxb6 $138 0-1

[Event "4.Griesheimer Schachtage 2008"]
[Site "Griesheim"]
[Date "2008.05.17"]
[Round "3"]
[White "Tierling, Detlef"]
[Black "Kellerwessel, Ralf"]
[Result "0-1"]
[WhiteElo "1860"]
[BlackElo "1696"]
[PlyCount "100"]

1. e4 e6 2. d4 d5 3. Nc3 Bb4 4. e5 Ne7 5. Qg4 Nf5 6. a3 h5 7.
Qf4 g5 8. Qd2 Be7 9. b4 a5 10. bxa5 Bd7 11. f4 g4 12. Rb1 Qc8 13. Nd1 Nc6 14.
a6 bxa6 15. c3 Rb8 16. Bd3 Rxb1 17. Bxb1 {[%emt 0:00:04]} Na5 18. Bxf5 exf5 19.
Ne3 Qb7 20. Ne2 Nc4 21. Nxc4 dxc4 22. O-O Qd5 23. Re1 h4 24. Kf1 Bc6 25. Ng1
Kd7 (25... h3 26. g3 Qh1 27. Re2 Bg2+ 28. Rxg2 Qxg2+ 29. Qxg2 hxg2+ 30. Kxg2
$17) 26. e6+ fxe6 27. Re5 Qd6 28. Ne2 Bd5 29. Qc2 Qc6 30. Ng1 Rb8 31. Bb2 Be4
32. Qd2 Bxg2+ 33. Kf2 Bh1 34. d5 Bxd5 35. Ne2 Bc5+ 36. Ke1 Qb7 37. Bc1 Ke7 38.
Qc2 Kf6 39. Qd1 Bd6 40. Re3 c5 41. h3 g3 42. Nxg3 hxg3 43. Rxg3 Rh8 44. Be3 Qb6
45. Qa4 Qc6 46. Qc2 Be4 47. Qh2 Qb5 48. Rg1 Qb1+ 49. Ke2 Qd3+ 50. Kf2 Qc2+ 0-1

[Event "4.Griesheimer Schachtage 2008"]
[Site "Griesheim"]
[Date "2008.05.17"]
[Round "3"]
[White "Simak, Jaroslav"]
[Black "Führer, Michael"]
[Result "0-1"]
[WhiteElo "1709"]
[BlackElo "1837"]
[PlyCount "40"]

1. e4 e5 2. f4 exf4 3. Bc4 Qh4+ 4. Kf1 Nf6 5. Nf3 Qh5 6. Nc3 d6 7. d4 Nc6 8.
Bxf4 Bg4 9. Nd5 Nxd5 10. Bxd5 Bxf3 11. gxf3 Nxd4 12. Kf2 Ne6 13. Qd2 c6 14. Bb3
Be7 15. Bg3 O-O 16. Rhe1 Bg5 17. Qxd6 Rad8 18. Qa3 Nd4 19. Bc4 Nxc2 20. Qxa7
Rd2+ 0-1

[Event "4.Griesheimer Schachtage 2008"]
[Site "Griesheim"]
[Date "2008.05.17"]
[Round "3"]
[White "Schmitt, Roland"]
[Black "Cymbalista, Peter"]
[Result "1-0"]
[WhiteElo "1833"]
[BlackElo "1646"]
[PlyCount "97"]

1. d4 d5 2. c4 e5 3. dxe5 d4 4. Nf3 Nc6 5. g3 Bb4+ 6. Nbd2 Bg4 7. Bg2 Nge7 8.
O-O O-O 9. Qb3 Bxd2 10. Bxd2 Bxf3 11. Bxf3 Nxe5 12. Bg2 Rb8 13. Rad1 c5 14. e3
Qc7 15. exd4 cxd4 16. Rfe1 N7g6 17. Bd5 Kh8 18. Bg5 f6 19. Bc1 Qc5 20. Re4 b5
21. Rexd4 bxc4 22. Qc2 Qc8 23. f4 Ng4 24. h3 Nh6 25. Bg2 Nf5 26. Rxc4 Qe6 27.
Re4 Qb6+ 28. Qf2 Nxg3 29. Qxb6 Rxb6 30. Ra4 Ne2+ 31. Kh2 Nxc1 32. Rxc1 Rxb2 33.
Kg3 Nh4 34. Be4 f5 35. Bd5 Ng6 36. Rxa7 Re8 37. Ra3 Rb4 38. Rc4 Rxc4 39. Bxc4
Nf8 40. Bd5 g6 41. Rb3 Rd8 42. Bf3 Ne6 43. a4 Rd4 44. Ra3 Nxf4 45. a5 Ne6 46.
a6 Nc7 47. a7 Rd7 48. Rc3 f4+ 49. Kh4 1-0

[Event "4.Griesheimer Schachtage 2008"]
[Site "Griesheim"]
[Date "2008.05.17"]
[Round "3"]
[White "Josic, Ivica"]
[Black "Larem, Peter"]
[Result "1/2-1/2"]
[WhiteElo "1595"]
[BlackElo "1790"]
[PlyCount "141"]

1. e4 e5 2. Nf3 Nf6 3. Nc3 Nc6 4. Bc4 Bc5 5. O-O d6 6. h3 O-O 7. d3 h6 8. Ne2
Be6 9. Bxe6 fxe6 10. c3 Qd7 11. Ng3 Qf7 12. b4 Bb6 13. Qb3 Rae8 14. a4 a6 15.
Be3 Bxe3 16. fxe3 Qg6 17. Kh2 d5 18. exd5 Nxd5 19. e4 Nf4 20. b5 Nb8 21. Nxe5
Qg5 22. Nf3 Qg6 23. d4 Nd7 24. Qb1 e5 25. Nh4 Qg5 26. Nhf5 Nf6 27. Ra2 exd4 28.
Raf2 N6h5 29. cxd4 g6 30. h4 Qf6 31. e5 (31. Nxh5 Nxh5) 31... Qd8 32. Nxh5 Nxh5
33. Nxh6+ Kg7 34. Rf6 (34. Rf7+ Rxf7 35. Rxf7+ Kxh6 36. Qc1+ g5) 34... Rxf6 35.
exf6+ Kxh6 36. Qc1+ Kh7 37. Qc4 Qd6+ 38. Kg1 Nxf6 39. Qf7+ Kh6 40. Qxf6 Qxf6
41. Rxf6 Kg7 42. Rf4 axb5 43. axb5 Re3 44. d5 Re5 45. Rc4 Re7 46. b6 (46. Kf2)
46... cxb6 47. d6 Re1+ 48. Kf2 Rd1 49. Rc7+ Kf6 50. d7 Ke7 51. Rxb7 Rxd7 52.
Rxb6 Kf7 53. Kf3 Rd1 54. Rb4 Kf6 55. Kg4 Rd6 56. g3 Re6 57. Rf4+ Kg7 58. Kh3
Re3 59. Kg2 Rd3 60. g4 Rd2+ 61. Kf3 Rh2 62. g5 Rh1 63. Ke4 Re1+ 64. Kd5 Rd1+
65. Ke5 Re1+ 66. Re4 Rf1 67. Ke6 Rf8 68. Kd7 Rf1 69. Re7+ Kf8 70. Re4 Kf7 71.
Kd6 1/2-1/2

[Event "4.Griesheimer Schachtage 2008"]
[Site "Griesheim"]
[Date "2008.05.17"]
[Round "3"]
[White "Adamczyk, Matthias"]
[Black "Bauer, Björn-Benny"]
[Result "0-1"]
[WhiteElo "1781"]
[BlackElo "1321"]
[PlyCount "64"]

1. e4 c5 2. Nc3 Nf6 3. Nf3 Nc6 4. Bc4 e6 5. d4 d5 6. exd5 exd5 7. Bb5 Be6 8.
O-O Be7 9. Re1 O-O 10. Bg5 Ne4 11. Nxe4 dxe4 12. Bxe7 Qxe7 13. Rxe4 Nxd4 14.
Nxd4 cxd4 15. Rxd4 Qc5 16. Ba4 Qg5 17. Qf3 Rfd8 18. h4 Qg6 19. c3 Rxd4 20. cxd4
Rd8 21. Qf4 Bd5 22. g3 Qa6 23. Bc2 Qc6 24. Rc1 Qb6 25. b3 h6 26. Rd1 Qc6 27.
Qf5 g6 28. Qd3 Bh1 29. Qf1 Bf3 30. Rc1 Rxd4 31. Bb1 Qe6 32. Qe1 Rxh4 0-1

[Event "4.Griesheimer Schachtage 2008"]
[Site "Griesheim"]
[Date "2008.05.17"]
[Round "3"]
[White "Hahn, Werner"]
[Black "Mainka, Walter"]
[Result "1-0"]
[WhiteElo "2024"]
[BlackElo "1572"]
[PlyCount "83"]

1. d4 d5 2. c4 e6 3. Nf3 Nf6 4. Nc3 c6 5. e3 Be7 6. Bd3 Nbd7 7. O-O O-O 8. e4
dxc4 9. Bxc4 b5 10. Bd3 Re8 11. Qe2 (11. e5 Nd5 12. Nxd5 exd5 (12... cxd5 13.
Bxb5 $16) 13. Qc2 Nf8 14. Qxc6 $16) 11... b4 12. e5 Nd5 13. Ne4 Nf8 14. h4 a5
15. h5 h6 16. Nh2 f5 17. exf6 Bxf6 18. Nxf6+ Qxf6 19. Qe4 Bd7 20. Ng4 Qf5 21.
Qe2 Nf4 22. Bxf4 Qxf4 23. Rad1 Re7 24. Be4 Be8 25. Ne5 Rc8 26. Rfe1 Rec7 27.
Bf3 c5 28. dxc5 Rxc5 29. Nd3 Qg5 30. Nxc5 Rxc5 31. Qe3 Qxe3 (31... Bxh5 32.
Qxg5 Rxg5 33. Bxh5 Rxh5 34. Rd8 Kf7 35. Re3 Rf5 36. g4 Rf4 37. f3 Rc4 38. Kf2
Ng6 39. Ra8 Nf4 40. Rb3 Rc5) 32. Rxe3 Bxh5 33. Bxh5 Rxh5 34. Rd8 Kf7 35. g4 Rg5
36. Rf3+ Kg6 37. Rfxf8 Rxg4+ 38. Kh2 Rg5 39. Rf3 Kh7 40. Rd7 Kh8 41. Rg3 Rh5+
42. Kg2 1-0

[Event "4.Griesheimer Schachtage 2008"]
[Site "Griesheim"]
[Date "2008.05.17"]
[Round "3"]
[White "Auschkalnis, Reinhard"]
[Black "Münch, Sebastian"]
[Result "1-0"]
[WhiteElo "1685"]
[BlackElo "1591"]
[PlyCount "73"]

1. d4 d5 2. c4 c6 3. Nf3 Bg4 4. Ne5 Nf6 5. f3 Be6 6. Nc3 g6 7. e4 dxc4 8. Bxc4
Bxc4 9. Nxc4 Bg7 10. O-O O-O 11. Be3 Nbd7 12. a4 Ne8 13. e5 f6 14. f4 Nb6 15.
Qb3 Nxc4 16. Qxc4+ Kh8 17. Ne4 Qd5 18. Qxd5 cxd5 19. Nc5 b6 20. Ne6 Rg8 21.
Rfc1 Bh6 22. Kf2 Ng7 23. Nxg7 Kxg7 24. Rc7 Kf7 25. Rac1 (25. e6+ Kxe6 26. f5+)
25... Rgd8 26. g4 Bf8 27. R1c6 Bg7 28. Bd2 g5 29. e6+ Ke8 30. f5 Bf8 31. Ke3
Rd6 32. Rxd6 exd6 33. Rxh7 a6 34. Rb7 Kd8 35. Rxb6 Kc7 36. Ba5 Kc8 37. Rc6+ 1-0

[Event "4.Griesheimer Schachtage 2008"]
[Site "Griesheim"]
[Date "2008.05.17"]
[Round "3"]
[White "Mook, Karl-Jürgen"]
[Black "Bars, Alexander"]
[Result "1/2-1/2"]
[WhiteElo "1371"]
[BlackElo "961"]
[PlyCount "87"]

1. e4 e5 2. Nf3 Nc6 3. Bb5 d6 4. O-O Nf6 5. d3 Bg4 6. h3 Bh5 7. Bg5 h6 8. Bxf6
Qxf6 9. Nbd2 Be7 10. g4 Bg6 11. h4 Qe6 12. Nh2 Bxh4 13. Qf3 h5 14. Nb3 hxg4 15.
Qxg4 Qxg4+ 16. Nxg4 O-O-O 17. Kg2 Bh5 18. Ne3 g6 19. Rh1 Bg5 20. Nd5 Nd4 21.
Nxd4 exd4 22. f4 c6 23. fxg5 cxd5 24. exd5 a6 25. Ba4 b5 26. Bb3 Rde8 27. Rae1
Re3 28. Rhf1 Rhe8 29. Kf2 R8e7 30. c3 Kd7 31. cxd4 Rxd3 32. Rxe7+ Kxe7 33. Re1+
Kd7 34. Rc1 Rxd4 35. Rc6 Rd2+ 36. Ke3 Rxb2 37. Rxa6 Re2+ 38. Kf4 Re5 39. Ra7+
Ke8 40. Ra8+ Ke7 41. Ra7+ Kf8 42. Ra8+ Re8 43. Ra7 Re5 44. Ra8+ 1/2-1/2

[Event "4.Griesheimer Schachtage 2008"]
[Site "Griesheim"]
[Date "2008.05.18"]
[Round "4"]
[White "Göbel, Constantin"]
[Black "Grabarczyk, Bogdan"]
[Result "0-1"]
[WhiteElo "1862"]
[BlackElo "2400"]
[PlyCount "58"]

1. e4 c5 2. Nf3 e6 3. d4 cxd4 4. Nxd4 a6 5. Bd3 Nf6 6. Nc3 d6 7. O-O Nbd7 8.
Re1 Be7 9. a4 O-O 10. Kh1 Re8 11. f4 g6 12. Qf3 e5 13. Nde2 Nc5 14. h3 Bd7 15.
Bc4 Rc8 16. Ba2 Ne6 17. Be3 Bc6 18. Rad1 exf4 19. Nxf4 Ng5 20. Qf1 Ngxe4 21.
Nxe4 Bxe4 22. Bd4 d5 23. c4 Bc5 24. cxd5 Bxd4 25. Rxd4 Qd6 26. Bb3 Qb6 27. Ne6
Rxe6 28. dxe6 Qxd4 29. exf7+ Kg7 0-1

[Event "4.Griesheimer Schachtage 2008"]
[Site "Griesheim"]
[Date "2008.05.18"]
[Round "4"]
[White "Glende, Dirk"]
[Black "Peters, Ingo"]
[Result "0-1"]
[WhiteElo "1646"]
[BlackElo "1968"]
[PlyCount "62"]

1. d4 d5 2. c4 Nc6 3. Nf3 Bg4 4. e3 e5 5. h3 Bxf3 6. Qxf3 e4 7. Qg3 Nf6 8. Nc3
Nh5 9. Qg4 g6 10. a3 f5 11. Qe2 dxc4 12. Qxc4 a6 13. Qe6+ Qe7 14. Qxe7+ Bxe7
15. Be2 Nf6 16. b4 Bd6 17. Bb2 Ne7 18. b5 a5 19. g4 O-O-O 20. g5 Nfd5 21. Bc4
c6 22. Rc1 Kd7 23. bxc6+ bxc6 24. Nxd5 Nxd5 25. Ke2 Rb8 26. Rb1 h6 27. gxh6
Rxh6 28. Rhg1 Rxh3 29. Bxd5 cxd5 30. a4 f4 31. exf4 Rhb3 0-1

[Event "4.Griesheimer Schachtage 2008"]
[Site "Griesheim"]
[Date "2008.05.18"]
[Round "4"]
[White "Pfrommer, Christoph"]
[Black "Führer, Michael"]
[Result "1-0"]
[WhiteElo "2302"]
[BlackElo "1837"]
[PlyCount "73"]

1. Nf3 d5 2. c4 e6 3. b3 Qf6 4. Nc3 dxc4 5. bxc4 Bd7 6. g3 Bc6 7. Bg2 Nd7 8.
O-O h5 9. d4 Bb4 10. Nb5 Bxb5 11. cxb5 Nh6 12. Rb1 Bd6 13. e4 e5 14. Bg5 Qg6
15. Bxh6 Rxh6 16. dxe5 Nxe5 17. Nxe5 Bxe5 18. Qd5 Qe6 19. Qxb7 Rd8 20. Rbd1 Bd6
21. e5 Bxe5 22. Bc6+ Ke7 23. Rxd8 Kxd8 24. Qxa7 h4 25. Qb8+ Qc8 26. Qxc8+ Kxc8
27. Re1 Re6 28. Re4 hxg3 29. hxg3 Bf6 30. Ra4 Kd8 31. Kf1 Ke7 32. Rc4 Kd6 33.
a4 Re5 34. a5 Rc5 35. Ra4 Rc2 36. a6 Kc5 37. a7 1-0

[Event "4.Griesheimer Schachtage 2008"]
[Site "Griesheim"]
[Date "2008.05.18"]
[Round "4"]
[White "Chernyavskyy, Anton"]
[Black "Kellerwessel, Ralf"]
[Result "1/2-1/2"]
[WhiteElo "2020"]
[BlackElo "1696"]
[PlyCount "79"]

1. e4 e6 2. d4 d5 3. Nd2 c5 4. Ngf3 Nf6 5. e5 Nfd7 6. c3 Nc6 7. Bd3 Be7 8. O-O
O-O 9. Re1 Qb6 10. Nf1 f5 11. exf6 Nxf6 12. Ng3 cxd4 13. cxd4 Bd7 14. b3 Rac8
15. Bg5 h6 16. Be3 Ng4 17. Nh5 Nxe3 18. fxe3 Bb4 19. Re2 e5 20. dxe5 Bg4 21.
Ng3 Bxf3 22. gxf3 Nxe5 23. Nf5 Nxd3 24. Qxd3 Qg6+ 25. Rg2 Qxf5 26. Qd4 Rf7 (
26... Bc3) 27. Qxb4 Qxf3 28. Qd4 b6 29. Rd1 Rc3 30. Re1 Rc6 31. Qe5 Rcf6 32. h4
Rf5 33. Qe8+ Kh7 34. Qe6 Qh5 35. Rc1 R5f6 36. Qg4 Qe5 37. Re1 Qc3 38. Qe2 Rf3
39. Qd2 Qxd2 40. Rxd2 1/2-1/2

[Event "4.Griesheimer Schachtage 2008"]
[Site "Griesheim"]
[Date "2008.05.18"]
[Round "4"]
[White "Bauer, Björn-Benny"]
[Black "Hahn, Werner"]
[Result "0-1"]
[WhiteElo "1321"]
[BlackElo "2024"]
[PlyCount "30"]

1. d4 Nf6 2. c4 c5 3. d5 b5 4. e3 e6 5. d6 Qb6 6. Nc3 bxc4 7. Bxc4 Bxd6 8. Nb5
Be7 9. e4 Nxe4 10. Bf4 O-O 11. Nc7 Qb4+ 12. Bd2 Qxc4 13. Nxa8 Ba6 14. Nf3 Bd6
15. Rc1 Qd5 0-1

[Event "4.Griesheimer Schachtage 2008"]
[Site "Griesheim"]
[Date "2008.05.18"]
[Round "4"]
[White "Larem, Peter"]
[Black "Höck, Raimund"]
[Result "1-0"]
[WhiteElo "1790"]
[BlackElo "1897"]
[PlyCount "91"]

1. e4 c5 2. c3 d5 3. exd5 Qxd5 4. d4 e6 5. Nf3 Nf6 6. Bd3 Be7 7. Be3 cxd4 8.
cxd4 O-O 9. Nc3 Qd6 10. O-O Nc6 11. a3 b6 12. Qe2 Bb7 13. Rad1 Rad8 14. Rfe1
Qb8 15. Bb1 Rfe8 16. Qc2 g6 17. Ba2 Nd5 18. Ne4 Ncb4 19. axb4 Nxb4 20. Qd2 Bxe4
21. Bf4 Qb7 22. Bc4 Bd5 23. Bb5 Bc6 24. Bc4 Nd5 25. Bh6 Bf6 26. Qe2 Nc7 27. Ne5
Bd5 28. Ng4 Be7 29. Qe5 f6 30. Nxf6+ Bxf6 31. Qxf6 Na8 32. Bb5 Rf8 33. Bxf8
Rxf8 34. Qg5 Qf7 35. Qg3 Nc7 36. Bd3 Ne8 37. Rc1 Qd7 38. Rc3 Nd6 39. Rec1 Nb5
40. Bxb5 Qxb5 41. Rc5 Qxb2 42. Qe3 Qa2 43. h3 b5 44. R1c2 Qb1+ 45. Kh2 Bc4 46.
R2xc4 1-0

[Event "4.Griesheimer Schachtage 2008"]
[Site "Griesheim"]
[Date "2008.05.18"]
[Round "4"]
[White "White, Herbert"]
[Black "Auschkalnis, Reinhard"]
[Result "1-0"]
[WhiteElo "1752"]
[BlackElo "1685"]
[PlyCount "51"]

1. d4 d5 2. c4 c6 3. Nc3 Nf6 4. Bg5 Nbd7 5. Nf3 e6 6. e3 Qa5 7. Qc2 Bb4 8. Nd2
O-O 9. Nb3 Bxc3+ 10. bxc3 Qa4 11. cxd5 exd5 12. Bd3 b6 13. O-O c5 14. dxc5 Qg4
15. Bxf6 Nxf6 16. cxb6 axb6 17. Nd4 g6 18. c4 Ba6 19. cxd5 Bxd3 20. Qxd3 Nxd5
21. Rfb1 Rfc8 22. Qb3 Qe4 23. Rc1 Rcb8 24. Rc4 Qe8 25. Rac1 b5 26. Rc5 1-0

[Event "4.Griesheimer Schachtage 2008"]
[Site "Griesheim"]
[Date "2008.05.18"]
[Round "4"]
[White "Tierling, Detlef"]
[Black "Josic, Ivica"]
[Result "1-0"]
[WhiteElo "1860"]
[BlackElo "1595"]
[PlyCount "61"]

1. e4 {[%emt 0:00:00]} e5 {[%emt 0:00:00]} 2. Bc4 Nf6 3. d3 c6 4. Qe2 d6 5. c3
g6 6. f3 Bg7 7. Nd2 b5 8. Bb3 Na6 9. Nf1 O-O 10. g4 Nc5 11. Bc2 d5 12. Bg5 Qd6
13. Ng3 Be6 14. h4 Nfd7 15. Nh3 f6 16. Bd2 Nb6 17. h5 d4 18. cxd4 exd4 19. Bf4
Qd7 20. hxg6 hxg6 21. Qg2 Kf7 22. Bd2 Nca4 23. Nf4 c5 24. Nxe6 Qxe6 25. Kf2
Nxb2 26. Nf5 Rg8 27. Rh7 Kf8 28. Nxg7 Qc8 29. Bh6 Kf7 30. Nf5+ Ke6 31. Re7# 1-0

[Event "4.Griesheimer Schachtage 2008"]
[Site "Griesheim"]
[Date "2008.05.18"]
[Round "4"]
[White "Cymbalista, Peter"]
[Black "Adamczyk, Matthias"]
[Result "0-1"]
[WhiteElo "1646"]
[BlackElo "1781"]
[PlyCount "72"]

1. e4 c5 2. c4 Nc6 3. Nc3 g6 4. Nf3 Bg7 5. Be2 d6 6. O-O Nf6 7. d3 O-O 8. Rb1
Re8 9. a3 e6 10. Bg5 h6 11. Bd2 d5 12. cxd5 exd5 13. exd5 Nxd5 14. Nxd5 Qxd5
15. Be3 b6 16. Ne1 Bb7 17. Bf3 Qe6 18. b4 cxb4 19. axb4 Rad8 20. d4 Qe7 21. Qa4
Nxd4 22. Bxd4 Bxd4 23. Qxa7 Bd5 24. Qxe7 Rxe7 25. Bxd5 Rxd5 26. Nc2 Bc3 27. Ne3
Rb5 28. Rb3 Bd2 29. Rfb1 Re4 30. Nc2 Kg7 31. f3 Re8 32. Rd3 Bg5 33. g3 Bf6 34.
Kf2 Rbe5 35. Re3 Rc8 36. Rxe5 Bxe5 $138 0-1

[Event "4.Griesheimer Schachtage 2008"]
[Site "Griesheim"]
[Date "2008.05.18"]
[Round "4"]
[White "Mook, Karl-Juergen"]
[Black "Simak, Jaroslav"]
[Result "0-1"]
[WhiteElo "1371"]
[BlackElo "1709"]
[PlyCount "110"]

1. e4 e5 2. Nf3 Nc6 3. Bb5 a6 4. Ba4 b5 5. Bb3 Bb7 6. c3 Nf6 7. d3 Bc5 8. O-O
d6 9. h3 Bb6 10. Qe2 O-O 11. Bg5 h6 12. Bxf6 Qxf6 13. Nh2 Kh8 14. Qf3 Qxf3 15.
Nxf3 f5 16. Bd5 fxe4 17. Bxe4 Nd8 18. Nbd2 Bxe4 19. Nxe4 Ne6 20. Nh4 Kh7 21. g3
g5 22. Ng2 Rf7 23. Ne3 Raf8 24. Nd5 Ba7 25. Rac1 Nc5 26. Nxc5 Bxc5 27. Rc2 Rf3
28. Nxc7 Rxg3+ 29. Kh2 Rxd3 30. Nxa6 Rdf3 31. Nxc5 dxc5 32. Kg2 e4 33. Re2 R3f4
34. Re3 Kg6 35. f3 exf3+ 36. Rexf3 Rxf3 37. Rxf3 Rxf3 38. Kxf3 Kf5 39. b3 b4
40. c4 h5 41. Ke3 Ke5 42. Kd3 Kf5 43. Ke2 Ke4 44. Kf2 Kd4 45. Kf3 Kd3 46. Kg3
Kc2 47. Kf3 Kb2 48. Ke4 g4 49. hxg4 hxg4 50. Kd5 Kxa2 51. Kxc5 Kxb3 52. Kb5 g3
53. c5 g2 54. c6 g1=Q 55. c7 Qg8 0-1

[Event "4.Griesheimer Schachtage 2008"]
[Site "Griesheim"]
[Date "2008.05.18"]
[Round "4"]
[White "Mainka, Walter"]
[Black "Bars, Alexander"]
[Result "1-0"]
[WhiteElo "1572"]
[BlackElo "961"]
[PlyCount "104"]

1. d4 d5 2. e3 Nf6 3. c4 e6 4. a3 Be7 5. Nc3 c6 6. b4 a6 7. f4 b5 8. c5 O-O 9.
Nf3 Nbd7 10. Bd3 Re8 11. Bb2 Nf8 12. Ne5 Bd7 13. g4 h6 14. h4 N8h7 15. Bxh7+
Nxh7 16. g5 f6 17. Nxd7 Qxd7 18. gxh6 Bf8 19. Rg1 f5 20. Rg6 Nf6 21. Qf3 Ng4
22. hxg7 Bxg7 23. O-O-O Kh7 24. h5 Rg8 25. Rh1 Bh6 26. Rxg8 Rxg8 27. a4 Qg7 28.
axb5 axb5 29. Kc2 Nf6 30. Ra1 Qg2+ 31. Qxg2 Rxg2+ 32. Kb3 Rg7 33. Rh1 Rc7 34.
Ne2 Bf8 35. Ng1 Kh6 36. Nf3 Nxh5 37. Ne5 Bg7 38. Nf3 Kg6 39. Ng5 Re7 40. Ra1
Bh6 41. Nf3 Rc7 42. Ne5+ Kf6 43. Rh1 Nxf4 44. Rxh6+ Kg5 45. Rh8 Nh5 46. Rg8+
Kf6 47. Rg6+ Ke7 48. Rh6 Ng7 49. Bc3 Kf8 50. Be1 Ne8 51. Rxe6 Ng7 52. Rh6 Ke7
1-0

[Event "4.Griesheimer Schachtage 2008"]
[Site "Griesheim"]
[Date "2008.05.18"]
[Round "4"]
[White "Muench, Sebastian"]
[Black "Spitzl, Vinzent"]
[Result "1/2-1/2"]
[WhiteElo "1591"]
[BlackElo "1098"]
[PlyCount "82"]

1. b3 e5 2. e3 Nc6 3. Bb5 d6 4. Bxc6+ bxc6 5. Bb2 Nf6 6. d4 e4 7. c4 d5 8. Nd2
Bb4 9. Rc1 Bg4 10. Ne2 O-O 11. a3 Bxd2+ 12. Qxd2 Rb8 13. b4 Qd7 14. O-O Ne8 15.
Ng3 Nd6 16. cxd5 cxd5 17. Qc2 Rbc8 18. Qc6 Nc4 19. Qxd7 Bxd7 20. Bc3 Nxa3 21.
Ra1 Nb5 22. Rfc1 c6 23. h3 Ra8 24. Be1 Nd6 25. Rc5 f5 26. Rca5 Nb5 27. Ne2 g5
28. Nc3 f4 29. Nxb5 cxb5 30. Rxa7 Rxa7 31. Rxa7 Be8 32. Bd2 f3 33. g3 Rf7 34.
Rxf7 Kxf7 35. g4 h6 36. Kh2 Kg6 37. Kg3 h5 38. gxh5+ Kxh5 39. Bc3 Bd7 40. Be1
g4 41. hxg4+ Bxg4 1/2-1/2

[Event "4.Griesheimer Schachtage 2008"]
[Site "Griesheim"]
[Date "2008.05.18"]
[Round "5"]
[White "Grabarczyk, Bogdan"]
[Black "Peters, Ingo"]
[Result "1-0"]
[WhiteElo "2400"]
[BlackElo "1968"]
[PlyCount "59"]

1. e4 c5 2. Nf3 d6 3. d4 cxd4 4. Nxd4 Nf6 5. Nc3 g6 6. Be3 Bg7 7. f3 O-O 8. Bc4
Nc6 9. Qd2 Bd7 10. O-O-O Rc8 11. Bb3 Nxd4 12. Bxd4 b5 13. e5 dxe5 14. Bxe5 Bc6
15. Qxd8 Rfxd8 16. Rhe1 Bh6+ 17. Kb1 a6 18. a4 Rxd1+ 19. Rxd1 Nd7 20. Bd4 e5
21. Bf2 Bf8 22. axb5 axb5 23. Ne4 Rc7 24. Nd6 Bxd6 25. Rxd6 Kf8 26. Bh4 h6 27.
Bd8 Rc8 28. Ba5 Ke8 29. Bb4 Bb7 30. Bxf7+ 1-0

[Event "4.Griesheimer Schachtage 2008"]
[Site "Griesheim"]
[Date "2008.05.18"]
[Round "5"]
[White "Goebel, Constantin"]
[Black "Pfrommer, Christoph"]
[Result "0-1"]
[WhiteElo "1862"]
[BlackElo "2302"]
[PlyCount "112"]
[EventDate "2008.??.??"]

1. e4 c5 2. Nf3 e6 3. d4 cxd4 4. Nxd4 Nc6 5. Nc3 Qc7 6. Be3 a6 7. Be2 Nf6 8. f3
d6 9. Qd2 Be7 10. g4 b5 11. h4 Nd7 12. a4 bxa4 13. Nxa4 O-O 14. g5 Bb7 15. h5
Nxd4 16. Bxd4 d5 17. g6 e5 18. Bf2 dxe4 19. h6 fxg6 20. hxg7 Rf7 21. O-O-O Rxg7
22. Kb1 Nf8 23. fxe4 Bxe4 24. Rhe1 a5 25. Bg4 Bb4 26. Qe2 Bc6 27. Nc3 Re8 28.
Bg3 Rge7 29. Qc4+ Kg7 30. Rf1 Bxc3 31. Qxc3 Bg2 32. Qxc7 Rxc7 33. Rfe1 Rc5 34.
Bf2 Rc4 35. Be2 Re4 36. Bb5 Rc8 37. Bd3 Rxe1 38. Rxe1 Re8 39. Bb5 Re6 40. Bc4
Re8 41. Bb5 Re6 42. Bc4 Rf6 43. Bg3 e4 44. Be5 Nd7 45. Bc3 Bf3 46. Bb5 Nc5 47.
Bd4 Ne6 48. Bc3 Kf7 49. Be8+ Ke7 50. Bxf6+ Kxf6 51. Kc1 h5 52. Kd2 h4 53. Rf1
h3 54. Rf2 Nf4 55. Bc6 g5 56. c4 e3+ 0-1

[Event "4.Griesheimer Schachtage 2008"]
[Site "Griesheim"]
[Date "2008.05.18"]
[Round "5"]
[White "Hahn, Werner"]
[Black "Schmitt, Roland"]
[Result "1-0"]
[WhiteElo "2024"]
[BlackElo "1833"]
[PlyCount "47"]

1. d4 Nf6 2. c4 g6 3. Nc3 d5 4. Nf3 Bg7 5. Bf4 O-O 6. e3 c5 7. dxc5 Qa5 8. Rc1
dxc4 9. Bxc4 Qxc5 10. Bb3 Nc6 11. O-O Qa5 12. h3 Bf5 13. Qe2 Rfd8 14. e4 e5 15.
Bd2 Nb4 16. exf5 Nd3 17. fxg6 hxg6 18. Rb1 Rac8 19. Nd5 Qc5 20. Be3 Nxd5 21.
Bxc5 N5f4 22. Qe3 Rxc5 23. Rfd1 Bh6 24. Qxc5 1-0

[Event "4.Griesheimer Schachtage 2008"]
[Site "Griesheim"]
[Date "2008.05.18"]
[Round "5"]
[White "White, Herbert"]
[Black "Chernyavskyy, Anton"]
[Result "0-1"]
[WhiteElo "1752"]
[BlackElo "2020"]
[PlyCount "112"]
[EventDate "2008.??.??"]

1. d4 Nf6 2. c4 g6 3. Nc3 Bg7 4. e4 d6 5. f3 O-O 6. Be3 c5 7. dxc5 dxc5 8. Qxd8
Rxd8 9. Bxc5 Nc6 10. Rd1 Rxd1+ 11. Kxd1 Nd7 12. Be3 Bxc3 13. bxc3 Nde5 14. a3
Be6 15. c5 Bb3+ 16. Kc1 Rd8 17. Kb2 Nc4+ 18. Bxc4 Bxc4 19. Nh3 Ne5 20. Nf2 Bb5
21. Bc1 Ba4 22. Re1 Rc8 23. Bf4 Nc4+ 24. Ka2 Rxc5 25. Rb1 Na5 26. Rb4 b5 27.
Rd4 f6 28. Bd2 Bb3+ 29. Ka1 Be6 30. Rd8+ Kf7 31. Be1 Nc4 32. Nd3 Rc7 33. Bg3
Rc8 34. Rxc8 Bxc8 35. Bf2 a6 36. Ka2 Be6 37. Nc5 Ne5+ 38. Nxe6 Kxe6 39. Kb3 Nd3
40. Bg3 Kd7 41. a4 Nc5+ 42. Ka3 Nxa4 43. c4 Kc6 44. Bf2 Nb6 45. cxb5+ Kxb5 46.
Bd4 Nc4+ 47. Kb3 a5 48. Ba1 Ne3 49. g4 Nf1 50. e5 fxe5 51. Bxe5 Nd2+ 52. Kc3
Nxf3 53. Bg3 a4 54. h3 Ng5 55. Bh4 h6 56. Kd4 Nf3+ 0-1

[Event "4.Griesheimer Schachtage 2008"]
[Site "Griesheim"]
[Date "2008.05.18"]
[Round "5"]
[White "Kellerwessel, Ralf"]
[Black "Larem, Peter"]
[Result "1-0"]
[WhiteElo "1696"]
[BlackElo "1790"]
[PlyCount "97"]
[EventDate "2008.??.??"]

1. d4 Nf6 2. c4 c5 3. d5 b5 4. Qc2 d6 5. e4 b4 6. h3 g6 7. Bd3 Bg7 8. Be3 Nbd7
9. Nd2 Ne5 10. Be2 O-O 11. f4 Ned7 12. Ngf3 Nh5 13. Kf2 a5 14. g4 Nhf6 15. g5
Ne8 16. h4 f5 17. exf5 Rxf5 18. Bd3 Rf7 19. h5 Nf8 20. hxg6 hxg6 21. Nh4 e5 22.
dxe6 Bxe6 23. Nxg6 Qxg5 24. Rag1 Qf6 25. Nxf8 Kxf8 26. b3 Qb2 27. Rg5 Qxc2 28.
Bxc2 a4 29. Bg6 Re7 30. Be4 Raa7 31. Bc6 axb3 32. axb3 Nf6 33. Kf3 Rac7 34. Bd5
Nxd5 35. cxd5 Bg8 36. Ne4 Rcd7 37. Rhg1 Bh7 38. f5 Rf7 39. Nxd6 Rxd6 40. Bxc5
Rfd7 41. Rxg7 Rxg7 42. Bxd6+ Kf7 43. Rxg7+ Kxg7 44. Kf4 Kf6 45. Be5+ Ke7 46.
Ke4 Kd7 47. Bf4 Bg8 48. Ke5 Kc7 49. Bd2 1-0

[Event "4.Griesheimer Schachtage 2008"]
[Site "Griesheim"]
[Date "2008.05.18"]
[Round "5"]
[White "Fuehrer, Michael"]
[Black "Glende, Dirk"]
[Result "1-0"]
[WhiteElo "1837"]
[BlackElo "1646"]
[PlyCount "77"]
[EventDate "2008.??.??"]

1. e4 c5 2. Nf3 Nc6 3. d4 cxd4 4. Nxd4 d6 5. c4 Nf6 6. Nc3 g6 7. Be2 Bg7 8. Be3
O-O 9. Qd2 Nxd4 10. Bxd4 Bd7 11. O-O-O a6 12. h4 Rc8 13. h5 h6 14. hxg6 fxg6
15. f3 b5 16. Nd5 g5 17. Ne3 bxc4 18. Kb1 Be6 19. Qc2 Qc7 20. Rc1 c3 21. Bxc3
Qc5 22. Qd2 Qb6 23. Rhd1 Rfd8 24. Ba5 Qb7 25. Bxd8 Rxd8 26. Bc4 Bxc4 27. Rxc4
Rb8 28. b3 Nd7 29. Nf5 Nc5 30. Qd5+ Qxd5 31. exd5 Kf7 32. Nxg7 Kxg7 33. Kc2 Kf6
34. b4 Nd7 35. a4 Nb6 36. Rc7 Nxa4 37. Re1 Rxb4 38. g4 Rd4 39. Re6+ 1-0